Indian grammars: (Record no. 178757)
[ view plain ]
| 000 -LEADER | |
|---|---|
| fixed length control field | 00771nam a22002177a 4500 |
| 005 - DATE AND TIME OF LATEST TRANSACTION | |
| control field | 20210412173646.0 |
| 010 ## - LCCN (DPL NO) | |
| LC control number | B-739784 |
| 020 ## - INTERNATIONAL STANDARD BOOK NUMBER | |
| International Standard Book Number | 9788120835559 |
| Terms of availability | 750.00 |
| 035 ## - SYSTEM CONTROL NUMBER | |
| System control number | B-739784 |
| 037 ## - SOURCE OF ACQUISITION | |
| Source of stock number/acquisition | Gift |
| 082 00 - DEWEY DECIMAL CLASSIFICATION NUMBER | |
| Classification number | 491.25 |
| 245 ## - TITLE STATEMENT | |
| Title | Indian grammars: |
| Remainder of title | philology and history / |
| Statement of responsibility, etc | edited by George Cardona [and] Madhav M. Deshpande |
| 260 ## - PUBLICATION, DISTRIBUTION, ETC. (IMPRINT) | |
| Place of publication, distribution, etc | Delhi |
| Name of publisher, distributor, etc | Motilal Banarsidass |
| Date of publication, distribution, etc | 2012 |
| 270 ## - ADDRESS | |
| Address | 41 U.A. Bungalow Road, Jawahar Nagar |
| City | Delhi |
| Postal code | 110007 |
| 300 ## - PHYSICAL DESCRIPTION | |
| Extent | xiii, 268p.: |
| Dimensions | 22cm(Hb) |
| Other physical details | photos |
| 505 ## - FORMATTED CONTENTS NOTE | |
| Formatted contents note | Papers of the 12th world Sanskrit conference vol. 4 |
| 700 ## - ADDED ENTRY--PERSONAL NAME | |
| Personal name | Cardona, George |
| 700 ## - ADDED ENTRY--PERSONAL NAME | |
| Personal name | Deshpande, Madhav M. |
| 942 ## - ADDED ENTRY ELEMENTS (KOHA) | |
| Source of classification or shelving scheme | Dewey Decimal Classification |
| Item type | English Books |
| Classification part | 491.25 |
| Call number suffix | IND |
| Withdrawn status | Lost status | Not for loan | Collection code | Home library | Current library | Date acquired | Source of acquisition | Cost, normal purchase price | Full call number | Barcode | Copy number | Cost, replacement price | Koha item type | Public note |
|---|---|---|---|---|---|---|---|---|---|---|---|---|---|---|
| Non-fiction | Central Library | Central Library | 12/04/2021 | Gift/Eng/05-04-2021 | 750.00 | 491.25 IND | B-739784 | 1 | 750.00 | English Books | Gift |
